Central Library OPAC University of Rajshahi

The Austrian socialist experiment : (Record no. 36015)

MARC details
000 -LEADER
fixed length control field 00967cam a2200289 a 4500
001 - CONTROL NUMBER
control field 36015
003 - CONTROL NUMBER IDENTIFIER
rucl marc code BD-RjUL
005 - DATE AND TIME OF LATEST TRANSACTION
control field 20211209052422.0
008 - FIXED-LENGTH DATA ELEMENTS--GENERAL INFORMATION
fixed length control field 140615s1985 cou b 000 0 eng
020 ## - INTERNATIONAL STANDARD BOOK NUMBER
International Standard Book Number 0813301866 :
035 ## - SYSTEM CONTROL NUMBER
System control number (BD-RjUL)36112
040 ## - CATALOGING SOURCE
Original cataloging agency DLC
Transcribing agency DLC
Modifying agency DLC
Language of cataloging eng
041 ## - LANGUAGE CODE
Language code of text/sound track or separate title eng
082 00 - DEWEY DECIMAL CLASSIFICATION NUMBER
Classification number 320.53109436
Edition number 19
Author mark and year AUS 1985
245 04 - TITLE STATEMENT
Title The Austrian socialist experiment :
Remainder of title social democracy and austromarxism, 1918-1934 /
Statement of responsibility, etc. edited by Anson Rabinbach.
260 ## - PUBLICATION, DISTRIBUTION, ETC. (IMPRINT)
Place of publication, distribution, etc. Boulder :
Name of publisher, distributor, etc. Westview Press,
Date of publication, distribution, etc. 1985.
300 ## - PHYSICAL DESCRIPTION
Pagination viii, 259 p. ;
Size 23 cm.
504 ## - BIBLIOGRAPHY, ETC. NOTE
Bibliography, etc Includes bibliographies.
650 #0 - SUBJECT ADDED ENTRY--TOPICAL TERM
Topical term or geographic name as entry element Austro-Marxist school.
9 (RLIN) 109647
Topical term or geographic name as entry element Socialism
Geographic subdivision Austria.
9 (RLIN) 109648
651 #0 - SUBJECT ADDED ENTRY--GEOGRAPHIC NAME
Geographic name Austria
General subdivision Politics and government
Chronological subdivision 1918-1938.
9 (RLIN) 109649
700 1# - ADDED ENTRY--PERSONAL NAME
Personal name Rabinbach, Anson.
942 ## - ADDED ENTRY ELEMENTS (KOHA)
Source of classification or shelving scheme Dewey Decimal Classification
Koha item type Books
Holdings
Lost status Source of classification or shelving scheme Damaged status Not for loan Collection code Permanent Location Current Location Shelving location Date acquired Source of acquisition Total Checkouts Full call number Date last seen Copy number Koha item type
  Dewey Decimal Classification   Not For Loan Non-fiction Central Library, University of Rajshahi Central Library, University of Rajshahi Reading Room 07/06/1990 ASIA FONDATION   320.53109436 AUS 1985 15/06/2014 C-1 Books